| 000 | 00993cab a2200241 4500 | ||
|---|---|---|---|
| 001 | ABS42065 | ||
| 008 | 090401t1989 xxu||||| |||| 00| 0 eng d | ||
| 035 | _a(Sirsi) u34492 | ||
| 041 | _aeng | ||
| 245 | _aWoodbury (VO) v Yard Arm Club Ltd and another | ||
| 260 | _c1989 | ||
| 350 | _a0 | ||
| 490 |
_aRating Appeals _v1989 RA 381-392(7) |
||
| 520 | _aLT 3 November 1989. A floating restaurant fixed to the bed of the river Thames and connected by chains and walkways to the riverbank was held not rateable because it was fixed to, and formed a unit of occupation with the river bed, which, by virtue of the Port of London Act 1968 s178(1) was not rateable, and because it was not possible for the restaurant to occupy part of the river wall as well as the river bed. | ||
| 650 | _aLONDON | ||
| 650 | _aPROPOSAL | ||
| 650 | _aRATEABILITY | ||
| 650 | _aRATING APPEALS | ||
| 650 | _aVALUATION LIST | ||
| 690 | _aRATING AND VALUATION-CASE LAW | ||
| 942 | _n0 | ||
| 948 | _c04/03/1997 | ||
| 999 |
_c22839 _d22839 |
||